| 000 | 01013nam a2200253 i 4500 | ||
|---|---|---|---|
| 001 | 50126 | ||
| 003 | ES-MaACL | ||
| 005 | 20250824231409.0 | ||
| 007 | t| | ||
| 008 | 030731s1965 ag ||||1| spa d | ||
| 080 | _a821.134.2 Cervantes Saavedra, Miguel de 7 Quijote.07 | ||
| 080 | _a914.643 Mancha, La(0:86-992) | ||
| 100 | 1 |
_aCroft-Cooke, Rupert. _941666 |
|
| 245 | 1 | 0 |
_aDe la mano de Don Quijote / _cRupert Croft-Cooke ; [traducción de M. de la Escalera]. |
| 260 |
_aBuenos Aires : _bPlaza & Janés, _c[1965] |
||
| 300 |
_a271 p., [32] p. de lám., [8] h. de lám col. : _bil., 2 mapas ; _c21 cm. |
||
| 490 | 1 | _aLa vuelta al mundo en ochenta libros | |
| 600 | 1 | 4 |
_aCervantes Saavedra, Miguel de, _d1547-1616. _tDon Quijote de la Mancha _937612 |
| 651 | 4 |
_aLa Mancha (España, Comarca)- _xDescripción. _9173092 |
|
| 700 | 0 |
_aEscalera, Manuel de la, _d1895-1994 _947481 |
|
| 830 | 1 | 3 |
_aLa vuelta al mundo en ochenta libros _9186522 |
| 852 |
_aES-MaACL _jC-28141 |
||
| 999 |
_c50126 _d50126 |
||